Основы выставочно-ярмарочной деятельности (Запис № 339878)

МАРК-запис
000 -Лідер
fixed length control field 00755nam a22002297a 4500
003 - Ідентифікатор контрольного номера
control field UA-OsUOA
001 - Контрольний номер
control field 53794
007 - Фіксоване поле фізичного опису
fixed length control field ta
008 - Елементи даних фіксованої довжини – загальна інформація
fixed length control field 20080425b un ||||| |||| 00| 0 ukr d
090 ## - Локальний шифр розміщення
Класифікаційний індекс УДК 659.15(075.8)
Авторський знак (НП) О-75
040 ## - Джерело каталогізації
Агенція оригінальної каталогізації UA-OsUOA
Мова каталогізації rus
Агенція, яка здійснювала перезапис UA-OsUOA
Агенція, яка здійснювала модифікацію UA-OsUOA
041 ## - Код мови
Код мови тексту/ звукової доріжки чи окремого заголовка (П) rus
080 ## - Індекс Універсальної десяткової класифікації
Індекс Універсальної десяткової класифікації (УДК) (НП) 659.15(075.8)
020 ## - Міжнародний стандартний книжковий номер (ISBN)
Міжнародний стандартний книжковий номер (ISBN) (НП) 5-238-00821-Х
245 ## - Відомості про назву
Назва (НП) Основы выставочно-ярмарочной деятельности
Дані про відповідальність (НП) Под ред. Стровского Л. Е.
260 ## - Публікація, розповсюдження і т.п. (Вихідні дані)
Місце публікації, розповсюдження і т.п. (П) М.
Дата публікації, розповсюдження і т.п. (П) 2005
300 ## - Фізичний опис
Обсяг 288 с.
650 #7 - Додаткове предметне введення – тематичний термін
Тематичний термін чи географічна назва, як елемент введення (НП) 659 Реклама. Система інформації. Громадська інформація та реклама (Паблик-Рилейшнз)
Джерело заголовка чи терміна UDC
942 ## - Додаткові елементи входу (Коха)
Тип елемента Koha Книги
955 ## - Код типу видання за змістом
Код типу видання за змістом (НП) Навчальні видання
Фонди
Стан вилучень Стан втрат Джерело класифікації або схеми стелажів Стан уражень Не для кредиту Постійне місце розташування Поточне розміщення Дата придбання Джерело придбання Вартість, звичайна ціна покупки Інвентарний номер Усього замовленно Повний номер виклику Штрих-код Дата останнього перегляду Ціна ефективна від Тип елемента Koha
    Universal Decimal Classification     АБ - Абонемент НБ АБ - Абонемент НБ 25/04/2008 53/2008 26.30 113089   659.15(075.8) О-75 113089 29/12/2021 25/04/2008 Книги
    Universal Decimal Classification     АБ - Абонемент НБ АБ - Абонемент НБ 25/04/2008 53/2008 26.30 113090   659.15(075.8) О-75 113090 29/12/2021 25/04/2008 Книги
    Universal Decimal Classification     АБ - Абонемент НБ АБ - Абонемент НБ 25/04/2008 53/2008 26.30 113091   659.15(075.8) О-75 113091 29/12/2021 25/04/2008 Книги
    Universal Decimal Classification     АБ - Абонемент НБ АБ - Абонемент НБ 25/04/2008 53/2008 26.30 113092   659.15(075.8) О-75 113092 29/12/2021 25/04/2008 Книги
    Universal Decimal Classification     АБ - Абонемент НБ АБ - Абонемент НБ 25/04/2008 53/2008 26.30 113093   659.15(075.8) О-75 113093 29/12/2021 25/04/2008 Книги
    Universal Decimal Classification     ЧЗ - Читальна зала ЧЗ - Читальна зала 25/04/2008 53/2008 26.30 113084   659.15(075.8) О-75 113084 06/02/2022 25/04/2008 Книги
    Universal Decimal Classification     ЧЗ - Читальна зала ЧЗ - Читальна зала 25/04/2008 53/2008 26.30 113085   659.15(075.8) О-75 113085 06/02/2022 25/04/2008 Книги
    Universal Decimal Classification     ЧЗ - Читальна зала ЧЗ - Читальна зала 25/04/2008 53/2008 26.30 113086   659.15(075.8) О-75 113086 08/02/2022 25/04/2008 Книги
    Universal Decimal Classification     ЧЗ - Читальна зала ЧЗ - Читальна зала 25/04/2008 53/2008 26.30 113087   659.15(075.8) О-75 113087 06/02/2022 25/04/2008 Книги
    Universal Decimal Classification     ЧЗ - Читальна зала ЧЗ - Читальна зала 25/04/2008 53/2008 26.30 113088   659.15(075.8) О-75 113088 06/02/2022 25/04/2008 Книги